| 000 | 01316nam a2200277 4500 | ||
|---|---|---|---|
| 001 | 106495 | ||
| 003 | ES-MaACL | ||
| 005 | 20250428113406.0 | ||
| 007 | t| | ||
| 008 | 061124s1897 sp ||||1| spa d | ||
| 080 | _a32 Cánovas del Castillo, Antonio | ||
| 100 | 1 |
_aPidal y Mon, Alejandro, _d1846-1913 _991890 |
|
| 245 | 1 | 0 |
_aVelada en memoria de D. Antonio Cánovas del Castillo celebrada en el Ateneo de Madrid la noche del 9 de noviembre de 1897 / _cdiscurso de Alejandro Pidal ; extracto de los discursos de los Srs. Gumersindo de Azcárete y Segismundo Moret. |
| 260 |
_aMadrid : _b[s.n.], _c1897 ( _fImpr. de los Hijos de M. G. Hernández) |
||
| 300 |
_a63 p.,1 retr. ; _c21 cm. |
||
| 530 | _aDisponible en formato digital. | ||
| 600 | 1 | 4 |
_aCánovas del Castillo, Antonio, 1828-1897- _vHomenajes _934602 |
| 610 | 2 |
_aAteneo de Madrid- _vVeladas literarias. _91935 |
|
| 700 | 1 |
_aAzcárate, Gumersindo de, _d1840-1917 _924243 |
|
| 700 | 1 |
_aMoret, Segismundo, _d1833-1913 _9162747 |
|
| 852 |
_aES-MaACL _j2210-F-13 _bR.138097 _cDEPOF _zRevisado enlace: 28 de Abril de 2025 |
||
| 852 |
_aES-MaACL _jT-871-F-3 _cDEPOF _zRevisado enlace: 28 de Abril de 2025 |
||
| 856 |
_uhttp://bdh-rd.bne.es/viewer.vm?id=0000050462&page=1 _yBiblioteca Digital Hispánica |
||
| 942 | _2udc | ||
| 999 |
_c106495 _d106495 |
||